Jarvis Homes Ltd v Marshall and another (Record no. 117732)

MARC details
000 -LEADER
fixed length control field 01722cam a2200265 4500
001 - CONTROL NUMBER
control field ABS67981
008 - FIXED-LENGTH DATA ELEMENTS--GENERAL INFORMATION
fixed length control field 040720n2004 000 0 eng u
035 ## - SYSTEM CONTROL NUMBER
System control number (Sirsi) u126849
245 ## - TITLE STATEMENT
Title Jarvis Homes Ltd v Marshall and another
260 ## - PUBLICATION, DISTRIBUTION, ETC.
Date of publication, distribution, etc. 2004
490 ## - SERIES STATEMENT
Series statement Estates Gazette
Volume/sequential designation [2004] 29 EG 116(CS)
520 ## - SUMMARY, ETC.
Summary, etc. [2004] EWCA Civ 839, 6 July 2004. Appeal against a HC decision which held that the construction and use of a roadway over part of a garden for access to a proposed development of 10 houses on an adjoining site would not infringe a restrictive covenant. The covenant restricted development of the site to no more than one two-storey private dwelling house. Appellants (M) accepted that demolition of the existing dwelling house and the erection of a new house and garage would not infringe the covenant but opposed the construction and use of a roadway over part of the garden. The grounds for appeal are outlined in paragraph nine of the CA judgment. "Held": the construction and use of the roadway would be a breach of covenant. Appeal allowed. View judgment at www.bailii.org.
590 ## - LOCAL NOTE (RLIN)
Local note ABS
590 ## - LOCAL NOTE (RLIN)
Local note ABS
650 ## - SUBJECT ADDED ENTRY--TOPICAL TERM
Topical term or geographic name entry element JARVIS HOMES LTD V MARSHALL AND ANOTHER
650 ## - SUBJECT ADDED ENTRY--TOPICAL TERM
Topical term or geographic name entry element RESTRICTIVE COVENANTS
650 ## - SUBJECT ADDED ENTRY--TOPICAL TERM
Topical term or geographic name entry element ACCESS
650 ## - SUBJECT ADDED ENTRY--TOPICAL TERM
Topical term or geographic name entry element ADJOINING LAND
650 ## - SUBJECT ADDED ENTRY--TOPICAL TERM
Topical term or geographic name entry element ELLIOTT AND OTHERS V SAFEWAY STORES PLC AND OTHERS
650 ## - SUBJECT ADDED ENTRY--TOPICAL TERM
Topical term or geographic name entry element CO-OPERATIVE RETAIL SERVICES LTD V TESCO STORES LTD
690 ## - LOCAL SUBJECT ADDED ENTRY--TOPICAL TERM (OCLC, RLIN)
Topical term or geographic name as entry element BOUNDARIES, PARTY WALLS AND EASEMENTS-CASE LAW
856 ## - ELECTRONIC LOCATION AND ACCESS
Uniform Resource Identifier <a href="https://www.bailii.org.uk/ew/cases/EWCA/Civ/2004/839.html">https://www.bailii.org.uk/ew/cases/EWCA/Civ/2004/839.html</a>
Public note View judgment on the BAILLI website...
856 ## - ELECTRONIC LOCATION AND ACCESS
Uniform Resource Identifier <a href="https://www.bailii.org.uk/ew/cases/EWCA/Civ/2004/839.html">https://www.bailii.org.uk/ew/cases/EWCA/Civ/2004/839.html</a>
Public note View judgment on the BAILLI website...
942 ## - ADDED ENTRY ELEMENTS (KOHA)
Suppress in OPAC 0
Holdings
Withdrawn status Lost status Source of classification or shelving scheme Damaged status Not for loan Home library Current library Shelving location Date acquired Total Checkouts Full call number Barcode Date last seen Copy number Price effective from Koha item type
    Dewey Decimal Classification     London London Journal article 20/07/2004   ABS67981 126849-1001 06/08/2019 1 06/08/2019 Law report